| 000 | 00531nam a22001697a 4500 | ||
|---|---|---|---|
| 005 | 20251108172930.0 | ||
| 008 | 250721s2004 xx 000 0 ara d | ||
| 082 | 1 | 4 | _a419/ معا |
| 100 | 1 | _aالمعاني، سلطان عبد الله | |
| 245 | 1 | 0 | _aمفردات قديمة في السياق الحضاري / |
| 264 | 1 |
_aعمان : _bدار ورد للنشر و التوزيع، _c2004. |
|
| 300 | _a282ص. | ||
| 650 | 1 | 7 | _aاللغة العربية |
| 650 | 1 | 7 | _aتاريخ اللغة |
| 942 |
_2ddc _cBK |
||
| 999 |
_c92132 _d92132 |
||